00992cam a22002291 4500001001300000003000400013005001700017008004100034010001700075035001900092040004700111042001200158050002700170110011300197245019000310260002000500300004000520490007300560500006000633650005200693999001700745e 25000079 DLC20260227111216.0800516s1924 mauag s000 0 eng c ae 25000079  a(OCoLC)6324140 aLibrary, U.S. Bur. of EducationcTxCMdDLC apremarc00aL160b.B17 1924, no. 11 aMassachusetts.bDepartment of Education.bDivision of Elementary and Secondary Education and Normal Schools.10aPhysical education in the public schools;ba manual for teachers in junior and senior high schools ...cPublication division of elementary and secondary education and normal schools ... a[Boston,c1924] a64 p. incl. diagrs., music.c23 cm.0 aBulletin of the Department of education, 1924,vno. 1. Whole no. 147 aAt head of title: The commonwealth of Massachusetts ... 0aPhysical education and trainingzMassachusetts. c20744d20744